Catálogo público

LDM Lagos de Moreno, Jalisco / (Record no. 176153)

MARC details
000 -CABECERA
campo de control de longitud fija 03265nam a2200493Ia 4500
001 - NÚMERO DE CONTROL
campo de control dia_5244
003 - IDENTIFICADOR DEL NÚMERO DE CONTROL
campo de control CHAP
005 - FECHA Y HORA DE LA ÚLTIMA TRANSACCIÓN
campo de control 20250709133649.0
007 - CAMPO FIJO DE DESCRIPCIÓN FÍSICA--INFORMACIÓN GENERAL
campo de control de longitud fija ta
008 - DATOS DE LONGITUD FIJA--INFORMACIÓN GENERAL
campo de control de longitud fija 220117s2012 mx de fr 001 0 spa d
040 ## - FUENTE DE LA CATALOGACIÓN
Centro/agencia transcriptor CHAP
Centro catalogador/agencia de origen mxchpua
090 ## - LOCALMENTE ASIGNADO TIPO-LC NÚMERO DE CLASIFICACIÓN (OCLC); NÚMERO DE CLASIFICACIÓN LOCAL (RLIN)
Número de clasificación (OCLC) (R) ; Numero de clasificación, CALL (RLIN) (NR) T.C.595
Número cutter local (OCLC) ; Número de libro/Signatura topográfica íntegra, CALL (RLIN) S99 EIUPA
Año 2012
245 10 - MENCIÓN DE TÍTULO
Título LDM Lagos de Moreno, Jalisco /
Mención de responsabilidad, etc. coordinadora Rosa Guadalupe Szymanski Duque ; colaboradores Jesica Alejandra Cardoso Alcocer...[et al.]
260 ## - PUBLICACIÓN, DISTRIBUCIÓN, ETC.
Lugar de publicación, distribución, etc. México :
Nombre del editor, distribuidor, etc. El autor,
Fecha de publicación, distribución, etc. 2012
300 ## - DESCRIPCIÓN FÍSICA
Extensión 55 hojas :
Otras características físicas gráficas, diagramas, tablas, planos +
Material acompañante/anejo 1 CD-ROM
336 ## - TIPO DE CONTENIDO
Fuente rdacontent
Término de tipo de contenido texto
Código de tipo de contenido txt
337 ## - TIPO DE MEDIO
Fuente rdamedia
Nombre/término del tipo de medio no mediado
Código del tipo de medio n
338 ## - TIPO DE SOPORTE
Fuente rdacarrier
Nombre/término del tipo de soporte volumen
Código del tipo de soporte nc
500 ## - NOTA GENERAL
Nota general 7°año Grupo 4 --<br/>El CD contiene reporte y planos. --<br/>El reporte contiene 7 planos impresos. --<br/>Los D.T.I. de suero y amoniaco no están impresos
502 ## - NOTA DE TESIS
Nota de tesis Viaje de estudios
Tipo de título (EIUPA) --
Nombre de la institución que otorga el título UACh. Departamento de Ingeniería Agroindustrial,
Año de obtención del título 2012
504 ## - NOTA DE BIBLIOGRAFÍA, ETC.
Nota de bibliografía, etc. Bibliografía: hoja 46
505 ## - NOTA DE CONTENIDO CON FORMATO
Nota de contenido con formato 9 planos --<br/>1. Diagrama de recorrido de queso, crema y suero -- <br/>2. Diagrama de tubería e instrumentación de agua y vapor -- <br/>3. D. T. I. De quesos – <br/>4. D.T.I. de suero –<br/>5. D.T.I. de amoniaco --<br/>6. Plano de distribución de áreas y equipos (esc. 1:150) -- <br/>7. Diagrama de flujo para suero sigma normal (SPM) -- <br/>8. Diagrama de flujo de elaboración de queso -- <br/>9. Diagrama de flujo del proceso de crema
650 10 - PUNTO DE ACCESO ADICIONAL DE MATERIA--TÉRMINO DE MATERIA
Término de materia o nombre geográfico como elemento de entrada Industria quesera
Subdivisión geográfica México
-- Jalisco
9 (RLIN) 157214
650 10 - PUNTO DE ACCESO ADICIONAL DE MATERIA--TÉRMINO DE MATERIA
Término de materia o nombre geográfico como elemento de entrada Cheese industry
Subdivisión geográfica Mexico
-- Jalisco
9 (RLIN) 157213
700 1# - PUNTO DE ACCESO ADICIONAL--NOMBRE DE PERSONA
Nombre de persona Szymanski Duque, Rosa Guadalupe
9 (RLIN) 151434
Término indicativo de función/relación coordinadora
700 1# - PUNTO DE ACCESO ADICIONAL--NOMBRE DE PERSONA
Nombre de persona Cardoso Alcocer, Jesica Alejandra
9 (RLIN) 158624
Término indicativo de función/relación colaboradora
856 42 - LOCALIZACIÓN Y ACCESO ELECTRÓNICOS
Identificador Uniforme del Recurso <a href="http://10.13.5.2/ve/TC595EIUPA/TC595EIUPA2012-PLANO-DIAGRAMADERRECORRIDODEQUESO,CREMAYSUERO.pdf">http://10.13.5.2/ve/TC595EIUPA/TC595EIUPA2012-PLANO-DIAGRAMADERRECORRIDODEQUESO,CREMAYSUERO.pdf</a>
Texto de enlace DESCARGAR DIAGRAMA DE RECORRIDO DE QUESO, CREMA Y SUERO
856 42 - LOCALIZACIÓN Y ACCESO ELECTRÓNICOS
Identificador Uniforme del Recurso <a href="http://10.13.5.2/ve/TC595EIUPA/TC595EIUPA2012-PLANO-DIAGRAMADEFLUJODEPROCESOSELABORACIONDEQUESO.pdf">http://10.13.5.2/ve/TC595EIUPA/TC595EIUPA2012-PLANO-DIAGRAMADEFLUJODEPROCESOSELABORACIONDEQUESO.pdf</a>
Texto de enlace DESCARGAR DIAGRAMA DE TUBERÍA E INSTRUMENTACIÓN DE AGUA Y VAPOR
856 42 - LOCALIZACIÓN Y ACCESO ELECTRÓNICOS
Identificador Uniforme del Recurso <a href="http://10.13.5.2/ve/TC595EIUPA/TC595EIUPA2012-PLANO-DTIQUESOS.pdf">http://10.13.5.2/ve/TC595EIUPA/TC595EIUPA2012-PLANO-DTIQUESOS.pdf</a>
Texto de enlace DESCARGAR D. T. I. DE QUESOS
856 42 - LOCALIZACIÓN Y ACCESO ELECTRÓNICOS
Identificador Uniforme del Recurso <a href="http://10.13.5.2/ve/TC595EIUPA/TC595EIUPA2012-PLANO-DTIDESUERO.pdf">http://10.13.5.2/ve/TC595EIUPA/TC595EIUPA2012-PLANO-DTIDESUERO.pdf</a>
Texto de enlace DESCARGAR D.T.I. DE SUERO
856 42 - LOCALIZACIÓN Y ACCESO ELECTRÓNICOS
Identificador Uniforme del Recurso <a href="http://10.13.5.2/ve/TC595EIUPA/TC595EIUPA2012-PLANO-DTIAMONIACO.pdf">http://10.13.5.2/ve/TC595EIUPA/TC595EIUPA2012-PLANO-DTIAMONIACO.pdf</a>
Texto de enlace DESCARGAR D.T.I. DE AMONIACO
856 42 - LOCALIZACIÓN Y ACCESO ELECTRÓNICOS
Identificador Uniforme del Recurso <a href="http://10.13.5.2/ve/TC595EIUPA/TC595EIUPA2012-PLANO-DISTRIBUCIONDEAREASYEQUIPOS.pdf">http://10.13.5.2/ve/TC595EIUPA/TC595EIUPA2012-PLANO-DISTRIBUCIONDEAREASYEQUIPOS.pdf</a>
Texto de enlace DESCARGAR PLANO DE DISTRIBUCIÓN DE ÁREAS Y EQUIPOS
856 42 - LOCALIZACIÓN Y ACCESO ELECTRÓNICOS
Identificador Uniforme del Recurso <a href="http://10.13.5.2/ve/TC595EIUPA/TC595EIUPA2012-PLANO-DIAGRAMADEFLUJODESUERO2.pdf">http://10.13.5.2/ve/TC595EIUPA/TC595EIUPA2012-PLANO-DIAGRAMADEFLUJODESUERO2.pdf</a>
Texto de enlace DESCARGAR DIAGRAMA DE FLUJO PARA SUERO SIGMA NORMAL
856 42 - LOCALIZACIÓN Y ACCESO ELECTRÓNICOS
Identificador Uniforme del Recurso <a href="http://10.13.5.2/ve/TC595EIUPA/TC595EIUPA2012-PLANO-DIAGRAMADEFLUJODEQUESO.pdf">http://10.13.5.2/ve/TC595EIUPA/TC595EIUPA2012-PLANO-DIAGRAMADEFLUJODEQUESO.pdf</a>
Texto de enlace DESCARGAR DIAGRAMA DE FLUJO DE ELABORACIÓN DE QUESO
856 42 - LOCALIZACIÓN Y ACCESO ELECTRÓNICOS
Identificador Uniforme del Recurso <a href="http://10.13.5.2/ve/TC595EIUPA/TC595EIUPA2012-PLANO-DIAGRAMADEFLUJODELACREMA.pdf">http://10.13.5.2/ve/TC595EIUPA/TC595EIUPA2012-PLANO-DIAGRAMADEFLUJODELACREMA.pdf</a>
Texto de enlace DESCARGAR DIAGRAMA DE FLUJO DEL PROCESO DE CREMA
856 42 - LOCALIZACIÓN Y ACCESO ELECTRÓNICOS
Identificador Uniforme del Recurso <a href="http://10.13.5.2/ve/TC595EIUPA/TC595EIUPA2012-REPORTEFINAL.pdf">http://10.13.5.2/ve/TC595EIUPA/TC595EIUPA2012-REPORTEFINAL.pdf</a>
Texto de enlace DESCARGAR REPORTE
942 ## - ELEMENTOS DE PUNTO DE ACCESO ADICIONAL (KOHA)
Fuente del sistema de clasificación o colocación Clasificación Universidad Autónoma de Chapingo
901 ## - ELEMENTOS DE DATOS A LOCAL LDA (RLIN)
a T.C.595 S99 EIUPA 2012
902 ## - ELEMENTOS DE DATOS B LOCAL, LDB (RLIN)
a M
905 ## - ELEMENTOS DE DATOS E LOCAL, LDE (RLIN)
a 5232272012 mx inel8223223322spa16
942 ## - ELEMENTOS DE PUNTO DE ACCESO ADICIONAL (KOHA)
Tipo de ítem Koha Viaje de Estudios
Holdings
Estado de retiro Estado de pérdida Fuente del sistema de clasificación o colocación Estado dañado Restricciones de uso No para préstamo Código de colección Localización permanente Ubicación/localización actual Fecha de adquisición Fuente de adquisición Total de préstamos Signatura topográfica completa Código de barras Fecha visto por última vez Número de copia Precio válido a partir de Tipo de ítem Koha Ubicación en estantería
    Clasificación Universidad Autónoma de Chapingo   Préstamo interno   Viajes de Estudio Ingenieria Agroindustrial Ingenieria Agroindustrial 18/01/2022 El autor   T.C.595 S99 EIUPA 2012 1106007524 18/01/2022 Ej. 2 18/01/2022 CD  
    Clasificación Universidad Autónoma de Chapingo   Préstamo interno   Viajes de Estudio Ingenieria Agroindustrial Ingenieria Agroindustrial 18/01/2022 El autor   T.C.595 S99 EIUPA 2012 1106007523 26/01/2026 Ej. 1 18/01/2022 Viaje de Estudios  
    Clasificación Universidad Autónoma de Chapingo       Viajes de estudio - En línea Ingenieria Agroindustrial Ingenieria Agroindustrial 11/04/2024 El autor   T.C.595 S99 EIUPA 2012 1206007523 11/04/2024   11/04/2024 Viajes de Estudio - En línea En línea